[Event "GRE-ch U20"]
[Site "Nikaia"]
[Date "2012.01.08"]
[Round "6"]
[White "Sotirakis, Ioannis"]
[Black "Tsitsirikis, Grigorios"]
[Result "1-0"]
[WhiteElo "1578"]
[BlackElo "1005"]
[PlyCount "123"]
[EventDate "2012.01.03"]
[EventType "swiss"]
[EventRounds "7"]
[EventCountry "GRE"]
[SourceTitle "CBM 146 Extra"]
[Source "ChessBase"]
[SourceDate "2012.02.29"]
[SourceVersion "1"]
[SourceVersionDate "2012.02.29"]
[SourceQuality "1"]

1. e4 c5 2. Nc3 d6 3. g3 Nf6 4. Bg2 e6 5. d3 Be7 6. f4 Nc6 7. Nf3 0-0 8. 0-0 Rb8 9. Ne2 b5 10. h3 Ba6 11. g4 c4 12. Ng3 Qb6+ 13. Kh1 cxd3 14. cxd3 b4 15. Re1 d5 16. e5 Nd7 17. d4 b3 18. axb3 Nb4 19. Re3 Rfc8 20. Rc3 Rxc3 21. bxc3 Nd3 22. Be3 Bb5 23. Qd2 a5 24. Bf1 Qa6 25. f5 h6 26. f6 Bf8 27. fxg7 Bxg7 28. Bxd3 Bxd3 29. b4 a4 30. Bxh6 Bg6 31. Bxg7 Kxg7 32. Nh5+ Kf8 33. Qh6+ Ke8 34. Nf6+ Kd8 35. Nxd7 Kxd7 36. Qe3 Be4 37. Kh2 Bxf3 38. Qxf3 Rf8 39. Qf1 Qxf1 40. Rxf1 Ke7 41. Ra1 Ra8 42. Ra3 Kf8 43. Kg3 Kg7 44. g5 Kh7 45. Kg4 Kg6 46. h4 Ra7 47. h5+ Kh7 48. b5 Ra5 49. b6 Ra8 50. Rxa4 Rb8 51. Ra7 Rxb6 52. Rxf7+ Kg8 53. g6 Rb1 54. Kg5 Rg1+ 55. Kf6 Rh1 56. Rc7 Rf1+ 57. Kxe6 Rf8 58. h6 Re8+ 59. Kxd5 Rd8+ 60. Kc6 Kh8 61. d5 Rg8 62. Rh7# 1-0

[Event "Peristeri Papanastasio 1st"]
[Site "Peristeri"]
[Date "2009.09.10"]
[Round "3.6"]
[White "Klokas, Konstantinos"]
[Black "Sotirakis, Ioannis"]
[Result "1-0"]
[WhiteElo "2155"]
[BlackElo "1667"]
[PlyCount "51"]
[EventDate "2009.09.08"]
[EventType "swiss"]
[EventRounds "7"]
[EventCountry "GRE"]
[SourceTitle "EXT 2024"]
[Source "ChessBase"]
[SourceDate "2023.10.10"]
[SourceVersion "1"]
[SourceVersionDate "2023.10.10"]
[SourceQuality "1"]

1. e4 e5 2. Nf3 Nc6 3. d4 exd4 4. Nxd4 Bc5 5. Be3 Qf6 6. c3 Nge7 7. Qd2 0-0 8. Nb5 Bb6 9. Bxb6 cxb6 10. Nd6 Ne5 11. f4 N5g6 12. g3 h5 13. Na3 a6 14. e5 Qe6 15. Bc4 Qg4 16. Be2 Qh3 17. 0-0-0 b5 18. Nc2 h4 19. g4 Qg2 20. Ne3 Qc6 21. Qd4 b6 22. f5 Nh8 23. f6 gxf6 24. exf6 Neg6 25. Nef5 Bb7 26. Ne7+ 1-0